000 00620nam a2200205 a 4500
001 000022004
005 20200930011535.0
008 100915s1975 cu r 000 p spa d
040 _aDO-SdBNP
_bspa
_cBNPHU
082 _aCh861.44
_bL318ó
100 1 _aLara, Omar,
_d1941-
_945613
245 1 0 _aOh buenas maneras /
_cOmar Lara.
260 _aLa Habana :
_bCasa de las América,
_c1975.
300 _a76 p. ;
_c19 cm.
586 _aPremio Casa de las Américas 1975. Poesía.
650 4 _aPoesía chilena
_99166
650 4 _aLiteratura chilena
_93164
910 _aValidado. Control de calidad BNPHU
049 _aBNGR
999 _c21502
_d21502